| 000 | 00795nam a2200205 a 4500 | ||
|---|---|---|---|
| 003 | 0 | ||
| 005 | 20250213101857.0 | ||
| 008 | 120723s19uu xx 00 eng d | ||
| 050 |
_aPGS SF 433 _b.H772 2012 |
||
| 100 | _aHong, Julia. | ||
| 245 |
_aDog ownership and sense of responsibility / _cJulia Hong. |
||
| 260 |
_aLas PiƱas City, Philippines : _bSouthville International School and Colleges, _c2012. |
||
| 300 |
_a29 pages : _billustrations ; _c28 cm. |
||
| 504 | _aIncludes bibliographical references. | ||
| 650 |
_aDog ownership _vPsychological aspects. |
||
| 650 |
_aResponsibility in children _vPet ownership and accountability. |
||
| 650 |
_aDogs and children _vEmotional and social impact. |
||
| 650 |
_aPet care _vEffects on children's sense of responsibility. |
||
| 942 |
_2lcc _cPASS |
||
| 999 |
_c98778 _d98778 |
||